| 000 | 00808aam a2200253 4500 | ||
|---|---|---|---|
| 005 | 20231006094455.0 | ||
| 008 | 150421b2000 xxu||||| |||| 00| 0 spa d | ||
| 020 | _a8484420760 | ||
| 041 | _aESP | ||
| 082 | _a305.908.14 D968a | ||
| 100 |
_aDiez Ripolles, José Luis _934389 |
||
| 245 | _aLa atención a los enfermos terminales: una investigación multidiciplinar | ||
| 260 |
_aEspaña _bTirant lo blanch _c2000 |
||
| 300 | _a254 páginas | ||
| 650 | _aENFERMOS | ||
| 650 | _aENFERMOS TERMINALES | ||
| 650 | _aDIAGNÓSTICO | ||
| 650 | _aCONSENTIMIENTO DE LA FAMILIA | ||
| 650 | _aCREENCIAS ÉTICAS Y RELIGROSAS | ||
| 650 | _aATENCIÓN SANITARIA | ||
| 650 | _aATENCIÓN DEL ENFERMO TERMINAL | ||
| 650 | _aMIEDO A LA MUERTE | ||
| 942 |
_cBK _2ddc |
||
| 999 |
_c4880 _d4880 |
||